[Event "Agen 2017 - Open D"]
[Site "?"]
[Date "2017.08.25"]
[Round "7.2"]
[White "Rubio, Valentin"]
[Black "Adiba, Jean-Claude"]
[Result "1/2-1/2"]
[LiveChessVersion "1.4.8"]
[BlackElo "1421"]
[WhiteElo "1439"]

1. e4 {[%clk 1:30:58]} c5 {[%clk 1:30:49]} 2. Nf3 {[%clk 1:31:16]} e6
{[%clk 1:30:55]} 3. c3 {[%clk 1:30:06]} Nf6 {[%clk 1:30:22]} 4. e5
{[%clk 1:28:10]} Nd5 {[%clk 1:30:04]} 5. d4 {[%clk 1:24:41]} cxd4
{[%clk 1:22:36]} 6. cxd4 {[%clk 1:24:31]} Be7 {[%clk 1:22:48]} 7. Nc3
{[%clk 1:23:09]} a6 {[%clk 1:21:55]} 8. Bc4 {[%clk 1:15:52]} Bb4 {[%clk 1:19:31]}
9. Bd2 {[%clk 1:08:31]} Qa5 {[%clk 1:17:40]} 10. Qb3 {[%clk 1:06:22]} Nxc3
{[%clk 1:13:20]} 11. Bxc3 {[%clk 1:06:04]} Bxc3+ {[%clk 1:13:24]} 12. bxc3
{[%clk 1:05:05]} b5 {[%clk 1:13:44]} 13. Bd3 {[%clk 1:03:54]} Bb7
{[%clk 1:13:58]} 14. O-O {[%clk 1:01:27]} Bxf3 {[%clk 1:06:31]} 15. gxf3 Nc6
{[%clk 1:06:52]} 16. a3 {[%clk 0:49:17]} O-O {[%clk 1:06:49]} 17. Qc2
{[%clk 0:45:55]} g6 {[%clk 1:04:28]} 18. Kh1 {[%clk 0:41:49]} Ne7
{[%clk 1:04:43]} 19. Rg1 {[%clk 0:36:45]} Rac8 {[%clk 1:02:47]} 20. Rgc1
{[%clk 0:22:52]} Nd5 {[%clk 1:02:49]} 21. c4 {[%clk 0:21:28]} bxc4
{[%clk 1:02:10]} 22. Bxc4 {[%clk 0:21:42]} Qd8 {[%clk 1:02:16]} 23. Qe4
{[%clk 0:14:09]} Qa5 {[%clk 0:57:03]} 24. Qc2 {[%clk 0:11:40]} Rc7
{[%clk 0:52:53]} 25. Qb2 {[%clk 0:10:13]} Rfc8 {[%clk 0:52:58]} 26. Bxd5
{[%clk 0:04:58]} Rxc1+ {[%clk 0:53:03]} 27. Rxc1 {[%clk 0:05:00]} Rxc1+
{[%clk 0:53:17]} 28. Qxc1 {[%clk 0:05:27]} Qxd5 {[%clk 0:52:51]} 29. Qf4
{[%clk 0:05:50]} Qc4 {[%clk 0:48:41]} 30. Kg2 {[%clk 0:05:38]} Qc8
{[%clk 0:48:24]} 31. Qd2 {[%clk 0:05:35]} Qd8 {[%clk 0:48:17]} 32. Qf4
{[%clk 0:04:50]} a5 {[%clk 0:48:32]} 33. Qd2 {[%clk 0:04:50]} Kg7
{[%clk 0:48:46]} 34. a4 {[%clk 0:04:16]} h6 {[%clk 0:49:02]} 35. Kg3
{[%clk 0:03:46]} d6 {[%clk 0:48:46]} 36. f4 {[%clk 0:03:36]} d5 {[%clk 0:47:38]}
37. h4 {[%clk 0:02:58]} f6 {[%clk 0:47:40]} 38. f3 {[%clk 0:02:42]} Qb6
{[%clk 0:44:54]} 39. Qc3 {[%clk 0:01:56]} fxe5 40. fxe5 {[%clk 0:32:13]} Qd8
{[%clk 1:11:45]} 41. Qd2 {[%clk 0:31:34]} Qc7 {[%clk 1:08:17]} 42. Qb2
{[%clk 0:29:40]} g5 43. Qd2 Qd8 44. hxg5 hxg5 45. f4 1/2-1/2

[Event "Agen 2017 - Open D"]
[Site "?"]
[Date "2017.08.25"]
[Round "7.3"]
[White "Lepape, Eleonore"]
[Black "Aubert, Elea"]
[Result "1-0"]
[LiveChessVersion "1.4.8"]
[BlackElo "1499"]
[WhiteElo "1439"]

1. e3 {[%clk 1:30:58]} g6 {[%clk 1:29:48]} 2. c4 {[%clk 1:31:16]} Nc6
{[%clk 1:29:07]} 3. Nf3 {[%clk 1:30:37]} Bg7 {[%clk 1:28:21]} 4. a3
{[%clk 1:30:20]} e5 {[%clk 1:23:50]} 5. d3 {[%clk 1:30:03]} d6 {[%clk 1:23:37]}
6. Nbd2 Nge7 {[%clk 1:23:36]} 7. Be2 {[%clk 1:29:14]} O-O {[%clk 1:23:26]} 8. Rb1
{[%clk 1:28:54]} d5 {[%clk 1:14:14]} 9. cxd5 {[%clk 1:29:15]} Nxd5
{[%clk 1:14:37]} 10. Qc2 {[%clk 1:22:19]} Be6 {[%clk 1:14:15]} 11. b4
{[%clk 1:22:11]} e4 {[%clk 1:13:35]} 12. Nxe4 {[%clk 1:21:20]} Qe7
{[%clk 0:33:28]} 13. Bb2 {[%clk 1:20:54]} Bh6 {[%clk 0:32:35]} 14. O-O
{[%clk 1:16:14]} Bf5 {[%clk 0:24:39]} 15. Nd4 {[%clk 1:01:45]} Bd7
{[%clk 0:11:28]} 16. Qc4 {[%clk 0:58:17]} Nb6 {[%clk 0:08:35]} 17. Nxc6
{[%clk 0:56:23]} Bxc6 {[%clk 0:07:34]} 18. Qxc6 {[%clk 0:55:29]} bxc6
{[%clk 0:06:33]} 19. Nf6+ {[%clk 0:55:51]} Qxf6 {[%clk 0:06:18]} 20. Bxf6
{[%clk 0:56:12]} Nd5 {[%clk 0:06:32]} 21. Bd4 {[%clk 0:55:12]} a5
{[%clk 0:05:23]} 22. Bc5 {[%clk 0:52:38]} Rfe8 {[%clk 0:04:15]} 23. Rbc1
{[%clk 0:51:14]} axb4 {[%clk 0:02:56]} 24. Bxb4 {[%clk 0:50:36]} Re6
{[%clk 0:02:35]} 25. Bf3 {[%clk 0:49:10]} Rc8 {[%clk 0:01:16]} 26. Rc2
{[%clk 0:46:31]} Rf6 {[%clk 0:00:40]} 27. Rfc1 {[%clk 0:46:13]} Rb8
{[%clk 0:00:42]} 28. Bxd5 {[%clk 0:44:04]} cxd5 {[%clk 0:01:08]} 29. Rxc7
{[%clk 0:44:20]} Re6 {[%clk 0:01:08]} 30. Rd7 {[%clk 0:42:25]} Ree8
{[%clk 0:00:45]} 31. Rcc7 {[%clk 0:41:05]} Rbc8 {[%clk 0:00:37]} 32. Rxf7
{[%clk 0:40:42]} Rxc7 {[%clk 0:00:41]} 33. Rxc7 {[%clk 0:40:57]} Rd8
{[%clk 0:01:01]} 34. Kf1 {[%clk 0:36:50]} Bg7 {[%clk 0:01:14]} 35. e4
{[%clk 0:35:37]} dxe4 {[%clk 0:00:41]} 36. dxe4 {[%clk 0:35:58]} Be5
{[%clk 0:00:41]} 37. Re7 {[%clk 0:34:49]} Bf6 {[%clk 0:00:40]} 38. Rb7
{[%clk 0:33:48]} Re8 {[%clk 0:00:45]} 39. f3 {[%clk 0:33:38]} Rc8
{[%clk 0:00:37]} 40. a4 {[%clk 0:57:52]} Rc1+ {[%clk 0:30:42]} 41. Ke2
{[%clk 0:57:49]} Rc2+ {[%clk 0:30:59]} 42. Kd3 {[%clk 0:57:30]} Rxg2
{[%clk 0:29:18]} 43. a5 {[%clk 0:57:49]} Ra2 {[%clk 0:29:35]} 44. Ra7
{[%clk 0:56:37]} Bh4 {[%clk 0:29:40]} 45. Bc5 {[%clk 0:56:09]} Be1
{[%clk 0:28:56]} 46. a6 {[%clk 0:56:27]} Rd2+ {[%clk 0:28:49]} 47. Kc4
{[%clk 0:56:32]} Rc2+ {[%clk 0:28:44]} 48. Kd5 {[%clk 0:56:53]} Rd2+
{[%clk 0:26:02]} 49. Ke6 {[%clk 0:56:40]} Rd8 {[%clk 0:25:52]} 50. Rb7
{[%clk 0:56:14]} Re8+ {[%clk 0:25:14]} 51. Kd5 {[%clk 0:56:13]} Rd8+
{[%clk 0:25:14]} 52. Kc4 {[%clk 0:55:25]} Bd2 {[%clk 0:24:20]} 53. a7
{[%clk 0:55:20]} Bf4 {[%clk 0:24:30]} 54. Bb6 {[%clk 0:54:58]} Rc8+
{[%clk 0:24:28]} 55. Kb5 {[%clk 0:55:16]} Be5 {[%clk 0:23:54]} 56. Bc7
{[%clk 0:55:27]} Bxc7 {[%clk 0:23:15]} 57. Rxc7 {[%clk 0:55:40]} 1-0

[Event "Agen 2017 - Open D"]
[Site "?"]
[Date "2017.08.25"]
[Round "7.4"]
[White "Alachtar, Socrate"]
[Black "Normand, Nicolas"]
[Result "1-0"]
[LiveChessVersion "1.4.8"]
[BlackElo "1495"]
[WhiteElo "1426"]

1. d4 {[%clk 1:30:59]} d5 {[%clk 1:11:51]} 2. Nf3 {[%clk 1:31:20]} Nf6
{[%clk 1:11:48]} 3. Bf4 {[%clk 1:31:34]} Nbd7 {[%clk 1:11:48]} 4. e3
{[%clk 1:31:47]} Nb6 {[%clk 1:10:30]} 5. Nbd2 {[%clk 1:31:47]} e6
{[%clk 1:09:03]} 6. Bd3 {[%clk 1:31:49]} c5 {[%clk 1:08:04]} 7. c3
{[%clk 1:31:23]} c4 {[%clk 1:06:28]} 8. Bc2 {[%clk 1:31:34]} Bd6 {[%clk 1:06:40]}
9. Ne5 {[%clk 1:31:21]} O-O {[%clk 1:02:40]} 10. O-O {[%clk 1:31:04]} Nbd7
{[%clk 1:00:44]} 11. h3 {[%clk 1:28:59]} Bxe5 {[%clk 0:52:46]} 12. dxe5
{[%clk 1:28:04]} Ne8 {[%clk 0:52:32]} 13. Qh5 {[%clk 1:27:01]} g6
{[%clk 0:40:46]} 14. Qe2 {[%clk 1:26:25]} Qc7 {[%clk 0:37:31]} 15. Nf3
{[%clk 1:24:15]} Qb6 {[%clk 0:36:52]} 16. e4 {[%clk 1:21:22]} Qxb2
{[%clk 0:28:37]} 17. exd5 {[%clk 1:20:43]} Qxc3 {[%clk 0:23:15]} 18. d6
{[%clk 1:16:53]} b5 {[%clk 0:22:33]} 19. Be4 {[%clk 1:15:50]} Rb8
{[%clk 0:19:14]} 20. a4 {[%clk 1:14:55]} Qb4 {[%clk 0:12:16]} 21. Rfb1
{[%clk 1:14:39]} Qa5 {[%clk 0:10:35]} 22. axb5 {[%clk 1:14:41]} Qd8
{[%clk 0:05:21]} 23. Qxc4 {[%clk 1:14:06]} Nb6 {[%clk 0:04:47]} 24. Qd4
{[%clk 1:13:04]} f5 {[%clk 0:04:43]} 25. Bc6 {[%clk 1:12:42]} Bd7
{[%clk 0:01:44]} 26. Rxa7 {[%clk 1:12:49]} Rf7 {[%clk 0:01:17]} 27. Ng5
{[%clk 1:12:16]} Rg7 {[%clk 0:00:46]} 28. Bxd7 {[%clk 1:11:10]} Rxd7
{[%clk 0:00:42]} 29. Nxe6 {[%clk 1:11:13]} Qh4 {[%clk 0:00:57]} 30. Rxd7
{[%clk 1:10:07]} Nxd7 {[%clk 0:00:51]} 31. Qa7 {[%clk 1:10:18]} g5
{[%clk 0:00:31]} 32. g3 {[%clk 1:07:07]} Qh6 33. Nxg5 1-0

[Event "Champ France Acc"]
[Site "Agen"]
[Date "2017/08/25"]
[Round "6"]
[White "RODRIGUEZ, Adrien"]
[Black "BROCHET, Philippe"]
[Result "*"]
[WhiteElo "2252"]
[BlackElo "2417"]
[TimeControl "900"]

1. d4 d5
2. c4 dxc4
3. Nc3 a6
4. e3 b5
5. a4 b4
6. Nb1 Bb7
7. Nf3 Nf6
8. Bxc4 e6
9. O-O Nbd7
10. Qe2 c5
11. a5 Bd6
12. Nbd2 Qc7
13. Bd3 cxd4
14. exd4 O-O
15. Re1 Rfd8
16. g3 e5
17. dxe5 Nxe5
18. Nxe5 Bxe5
19. Qxe5 Qxe5
20. Rxe5 Rxd3
21. Re1 Rc8
22. Nf1 h5
23. Ra4 b3
24. Be3 Rc2
25. Rd4 Be4
26. Rxd3 Bxd3
27. Bd4 Ne4
28. Re3 Nxf2
29. Re8+ Kh7
30. Bxf2 Rxb2
31. Rd8 Bc2
32. Nd2 Ra2
33. Rb8 b2
34. Bd4 Ra1+
35. Kf2 Rd1
36. Ke2 Rxd2+
37. Kxd2 b1
38. Rxb1 Bxb1
39. h4 Kg6
40. Ke3 f6
41. Kf4 Bf5
42. Bc3 Bh3
43. Bd4 Kh6
44. Kf3 Bg4+
45. Kf4 g5+
46. hxg5+ fxg5+
47. Ke3 Kg6
48. Bb6 Kf5
49. Bc7 Bd1
50. Bd8 Kg4
51. Kf2 Ba4
52. Be7 Bc6
53. Bd8 Bb7
54. Be7 h4
55. gxh4 Kxh4
56. Ke3 Kg4
57. Kd2 Kf4
58. Kc3 g4
59. Bd6+ Kf3
60. Kb2 g3
61. Bxg3 Kxg3
62. Ka1 Kf2 *

[Event "Champ France Acc"]
[Site "Agen"]
[Date "2017/08/25"]
[Round "7"]
[White "HUTOIS, Mickael"]
[Black "DUBOUE, Peio"]
[Result "*"]
[WhiteElo "2207"]
[BlackElo "2403"]
[TimeControl "900"]

1. c4 e5
2. Nc3 Nf6
3. Nf3 Nc6
4. g3 d5
5. cxd5 Nxd5
6. Bg2 Nb6
7. O-O Be7
8. d3 O-O
9. a3 Be6
10. b4 f6
11. Bb2 a5
12. b5 Nd4
13. e3 Bb3
14. Qc1 Nxf3+
15. Bxf3 Rb8
16. Bd1 Be6
17. Be2 a4
18. Rd1 Bb3
19. Rd2 Qd7
20. Bd1 Qe6
21. Ne4 Bd5
22. Nc5 Qh3
23. e4 Bf7
24. Nxa4 Nxa4
25. Bxa4 Bd6
26. d4 Ra8
27. Bd1 h5
28. a4 h4
29. Ba3 hxg3
30. hxg3 Bg6
31. Bb3+ Kh7
32. f3 Qxg3+
33. Rg2 Qxf3
34. Rf2 Qxb3
35. Bxd6 cxd6
36. Ra3 Rac8 *

[Event "Agen 2017 National"]
[Site "?"]
[Date "2017.08.26"]
[Round "8.1"]
[White "Gharamian, Tigran"]
[Black "Bauer, Christian"]
[Result "1-0"]
[BlackElo "2650"]
[WhiteElo "2616"]
[LiveChessVersion "1.4.8"]

1. e4 {[%clk 1:30:55]} c5 {[%clk 1:30:56]} 2. Nf3 e6 {[%clk 1:31:22]} 3. g3
{[%clk 1:31:42]} Nc6 {[%clk 1:31:29]} 4. Bg2 {[%clk 1:32:05]} Nf6
{[%clk 1:26:14]} 5. Qe2 {[%clk 1:31:41]} d6 {[%clk 1:25:12]} 6. O-O
{[%clk 1:31:28]} Be7 {[%clk 1:25:34]} 7. c3 {[%clk 1:31:49]} O-O {[%clk 1:21:56]}
8. d4 {[%clk 1:31:56]} cxd4 {[%clk 1:14:27]} 9. cxd4 {[%clk 1:32:16]} d5
{[%clk 1:14:56]} 10. e5 {[%clk 1:32:38]} Ne4 {[%clk 1:15:24]} 11. Rd1
{[%clk 1:32:44]} Bd7 {[%clk 1:13:58]} 12. Be3 {[%clk 1:25:17]} Qe8
{[%clk 1:03:08]} 13. Ne1 {[%clk 0:56:35]} f6 {[%clk 1:00:42]} 14. exf6
{[%clk 0:56:30]} Bxf6 {[%clk 0:59:31]} 15. Nc3 {[%clk 0:51:46]} Nd6
{[%clk 0:45:48]} 16. f4 {[%clk 0:52:09]} b5 {[%clk 0:43:16]} 17. a3
{[%clk 0:47:54]} Rb8 {[%clk 0:41:48]} 18. Bf2 {[%clk 0:41:53]} b4
{[%clk 0:30:12]} 19. axb4 {[%clk 0:41:11]} Rxb4 {[%clk 0:30:36]} 20. Nd3
{[%clk 0:40:56]} Nxd4 {[%clk 0:29:15]} 21. Qf1 {[%clk 0:40:42]} Rc4
{[%clk 0:28:00]} 22. Rxa7 {[%clk 0:15:32]} N6b5 {[%clk 0:26:33]} 23. Nxb5
{[%clk 0:15:18]} Bxb5 {[%clk 0:26:22]} 24. Kh1 {[%clk 0:15:36]} Rc2
{[%clk 0:20:45]} 25. Qe1 {[%clk 0:13:02]} Re2 {[%clk 0:18:16]} 26. Qg1
{[%clk 0:13:18]} Nf5 {[%clk 0:15:15]} 27. Bf3 {[%clk 0:11:58]} Bxd3
{[%clk 0:14:10]} 28. Rxd3 {[%clk 0:12:22]} Rxb2 {[%clk 0:14:36]} 29. Qe1
{[%clk 0:11:38]} Kh8 {[%clk 0:13:46]} 30. g4 {[%clk 0:10:31]} Qb5
{[%clk 0:13:32]} 31. Be2 {[%clk 0:07:29]} Qc4 {[%clk 0:07:12]} 32. Re3
{[%clk 0:05:18]} Qxf4 {[%clk 0:05:39]} 33. gxf5 {[%clk 0:05:33]} Qxf5
{[%clk 0:05:00]} 34. Rf3 {[%clk 0:04:35]} Qe4 {[%clk 0:04:29]} 35. Bd1
{[%clk 0:04:12]} Rb1 {[%clk 0:04:30]} 36. Qg1 {[%clk 0:04:03]} Bb2
{[%clk 0:02:20]} 37. Ra4 {[%clk 0:03:09]} d4 {[%clk 0:01:08]} 38. Bxd4
{[%clk 0:03:19]} Bxd4 {[%clk 0:00:37]} 39. Rxd4 {[%clk 0:03:42]} Qb7
{[%clk 0:00:42]} 40. Qg2 {[%clk 0:32:03]} Re8 {[%clk 0:30:33]} 41. Rf1
{[%clk 0:31:17]} Qxg2+ {[%clk 0:25:02]} 42. Kxg2 {[%clk 0:31:37]} Kg8
{[%clk 0:23:54]} 43. Rd7 {[%clk 0:31:39]} Rf8 {[%clk 0:23:43]} 44. Rxf8+
{[%clk 0:26:39]} Kxf8 {[%clk 0:24:12]} 45. Bg4 {[%clk 0:26:39]} Re1
{[%clk 0:24:06]} 46. Kf2 {[%clk 0:26:47]} Re5 {[%clk 0:24:12]} 47. Kg3
{[%clk 0:26:36]} h5 {[%clk 0:19:58]} 48. Bf3 {[%clk 0:25:54]} g6 {[%clk 0:20:01]}
49. Ra7 {[%clk 0:20:45]} Rb5 {[%clk 0:16:04]} 50. Be4 {[%clk 0:20:13]} g5
{[%clk 0:14:33]} 51. Bg6 {[%clk 0:12:13]} Rb3+ {[%clk 0:11:23]} 52. Kg2
{[%clk 0:11:28]} Rb2+ {[%clk 0:09:36]} 53. Kg1 {[%clk 0:11:52]} h4
{[%clk 0:09:31]} 54. Rh7 {[%clk 0:07:07]} Ra2 {[%clk 0:07:24]} 55. Bd3
{[%clk 0:05:58]} Ra4 {[%clk 0:04:29]} 56. Be2 {[%clk 0:05:02]} Re4
{[%clk 0:03:27]} 57. Kf1 {[%clk 0:03:28]} Kg8 {[%clk 0:03:01]} 58. Rh5
{[%clk 0:03:40]} Re5 {[%clk 0:03:05]} 59. Bg4 {[%clk 0:04:00]} Kg7
{[%clk 0:03:26]} 60. h3 {[%clk 0:04:25]} Kg6 {[%clk 0:02:13]} 61. Rh8
{[%clk 0:04:49]} Kg7 {[%clk 0:01:35]} 62. Ra8 {[%clk 0:05:14]} Re3
{[%clk 0:01:19]} 63. Kf2 {[%clk 0:05:33]} Re4 {[%clk 0:01:41]} 64. Bf3
{[%clk 0:05:28]} Re5 {[%clk 0:02:00]} 65. Ra4 {[%clk 0:05:49]} Kf6
{[%clk 0:02:25]} 66. Be4 {[%clk 0:05:12]} Rb5 {[%clk 0:02:42]} 67. Bf3
{[%clk 0:03:19]} Rb2+ {[%clk 0:02:57]} 68. Be2 {[%clk 0:03:36]} Rb3
{[%clk 0:03:17]} 69. Bg4 {[%clk 0:04:01]} Rb5 {[%clk 0:03:10]} 70. Ke3
{[%clk 0:04:11]} Re5+ {[%clk 0:03:14]} 71. Kd3 {[%clk 0:04:32]} Rd5+
{[%clk 0:03:35]} 72. Kc3 {[%clk 0:04:57]} Rc5+ {[%clk 0:03:00]} 73. Kb4
{[%clk 0:05:09]} Re5 {[%clk 0:02:49]} 74. Ra6 {[%clk 0:05:29]} Re4+
{[%clk 0:02:57]} 75. Kc3 {[%clk 0:05:41]} Rxg4 {[%clk 0:01:57]} 76. hxg4 Ke5 77.
Kd3 {[%clk 0:04:17]} Kf4 {[%clk 0:02:52]} 78. Rxe6 {[%clk 0:03:03]} h3
{[%clk 0:03:08]} 79. Ke2 {[%clk 0:01:55]} Kg3 {[%clk 0:03:23]} 80. Rh6
{[%clk 0:02:15]} Kg2 {[%clk 0:03:42]} 81. Ke3 {[%clk 0:01:45]} Kg3
{[%clk 0:03:54]} 82. Rh8 {[%clk 0:01:54]} h2 {[%clk 0:04:06]} 83. Rh7
{[%clk 0:02:07]} Kxg4 {[%clk 0:04:29]} 84. Ke4 1-0

[Event "Agen 2017 National"]
[Site "?"]
[Date "2017.08.26"]
[Round "8.2"]
[White "Maze, Sebastien"]
[Black "Gozzoli, Yannick"]
[Result "1/2-1/2"]
[BlackElo "2592"]
[WhiteElo "2612"]
[LiveChessVersion "1.4.8"]

1. e4 {[%clk 1:30:43]} e5 {[%clk 1:30:46]} 2. Nf3 {[%clk 1:30:54]} Nc6
{[%clk 1:31:10]} 3. Bc4 {[%clk 1:30:50]} Bc5 {[%clk 1:31:33]} 4. c3
{[%clk 1:30:17]} Nf6 {[%clk 1:31:57]} 5. d4 {[%clk 1:30:29]} exd4
{[%clk 1:32:21]} 6. e5 {[%clk 1:30:40]} d5 {[%clk 1:32:46]} 7. Bb5
{[%clk 1:31:05]} Ne4 {[%clk 1:33:11]} 8. cxd4 {[%clk 1:31:31]} Bb6
{[%clk 1:33:38]} 9. Nc3 {[%clk 1:31:29]} O-O {[%clk 1:32:05]} 10. Be3
{[%clk 1:31:46]} Bg4 {[%clk 1:32:29]} 11. h3 {[%clk 1:32:08]} Bh5
{[%clk 1:32:55]} 12. Qc2 {[%clk 1:30:49]} Ba5 {[%clk 1:33:21]} 13. a3
{[%clk 1:11:31]} f6 {[%clk 1:24:57]} 14. Bxc6 {[%clk 0:49:02]} Bxc3+
{[%clk 1:19:21]} 15. bxc3 {[%clk 0:47:53]} bxc6 {[%clk 1:19:46]} 16. Nd2
{[%clk 0:31:44]} Bg6 {[%clk 1:11:18]} 17. Qa4 {[%clk 0:27:10]} Qe8
{[%clk 1:05:43]} 18. Nxe4 {[%clk 0:25:47]} Bxe4 {[%clk 1:05:48]} 19. f3
{[%clk 0:21:50]} Bd3 {[%clk 1:06:12]} 20. Kf2 {[%clk 0:19:10]} Bb5
{[%clk 0:55:23]} 21. Qb4 {[%clk 0:18:38]} fxe5 {[%clk 0:54:45]} 22. dxe5
{[%clk 0:19:05]} Qxe5 {[%clk 0:55:08]} 23. Qd4 {[%clk 0:18:56]} Qxd4
{[%clk 0:51:43]} 24. Bxd4 {[%clk 0:19:06]} Rfe8 {[%clk 0:52:03]} 25. Rhe1
{[%clk 0:19:22]} a5 {[%clk 0:52:26]} 26. Rxe8+ {[%clk 0:18:53]} Rxe8
{[%clk 0:52:52]} 27. Re1 {[%clk 0:19:20]} Rxe1 {[%clk 0:53:17]} 28. Kxe1
{[%clk 0:19:47]} g6 {[%clk 0:53:35]} 29. Be5 {[%clk 0:20:06]} Kf7
{[%clk 0:54:00]} 30. a4 {[%clk 0:19:39]} Bxa4 {[%clk 0:54:25]} 31. Bxc7
{[%clk 0:20:06]} Ke6 {[%clk 0:54:45]} 32. Bxa5 {[%clk 0:20:33]} Bb5
{[%clk 0:54:46]} 33. Bc7 {[%clk 0:20:56]} Kd7 {[%clk 0:55:03]} 34. Be5
{[%clk 0:21:21]} Ke6 {[%clk 0:55:29]} 35. Bc7 {[%clk 0:21:49]} Kd7
{[%clk 0:55:55]} 36. Be5 {[%clk 0:22:17]} Ke6 {[%clk 0:56:21]} 37. Bc7 1/2-1/2

[Event "Agen 2017 National"]
[Site "?"]
[Date "2017.08.26"]
[Round "8.3"]
[White "Fressinet, Laurent"]
[Black "Lagarde, Maxime"]
[Result "1/2-1/2"]
[BlackElo "2607"]
[WhiteElo "2650"]
[LiveChessVersion "1.4.8"]

1. Nf3 {[%clk 1:30:56]} f5 {[%clk 1:30:26]} 2. d4 {[%clk 1:31:12]} Nf6
{[%clk 1:30:48]} 3. c4 {[%clk 1:31:34]} g6 {[%clk 1:31:12]} 4. Nc3
{[%clk 1:31:51]} Bg7 {[%clk 1:31:38]} 5. Bf4 {[%clk 1:32:07]} O-O
{[%clk 1:31:45]} 6. e3 {[%clk 1:32:09]} c5 {[%clk 1:32:09]} 7. Be2
{[%clk 1:30:04]} d6 {[%clk 1:21:37]} 8. dxc5 {[%clk 1:26:45]} dxc5
{[%clk 1:21:55]} 9. Qxd8 {[%clk 1:26:40]} Rxd8 {[%clk 1:22:22]} 10. Ne5
{[%clk 1:27:03]} Ne4 {[%clk 0:54:57]} 11. Nxe4 {[%clk 1:21:08]} fxe4
{[%clk 0:54:44]} 12. O-O {[%clk 1:21:00]} Be6 {[%clk 0:53:22]} 13. Rad1
{[%clk 1:19:36]} Nd7 {[%clk 0:45:48]} 14. Nxd7 {[%clk 1:15:40]} Rxd7
{[%clk 0:46:15]} 15. Rxd7 {[%clk 1:13:46]} Bxd7 {[%clk 0:46:42]} 16. Rd1
{[%clk 1:13:43]} Bc6 {[%clk 0:47:01]} 17. b3 {[%clk 1:13:30]} Kf7
{[%clk 0:46:12]} 18. f3 {[%clk 1:11:14]} Ke8 {[%clk 0:37:45]} 19. fxe4
{[%clk 1:08:10]} Bxe4 {[%clk 0:38:02]} 20. Bf3 {[%clk 1:07:00]} Bxf3
{[%clk 0:36:38]} 21. gxf3 {[%clk 1:07:13]} Rd8 {[%clk 0:34:46]} 22. Rxd8+
{[%clk 1:07:05]} Kxd8 {[%clk 0:35:12]} 23. Kf2 {[%clk 1:04:49]} Kd7
{[%clk 0:33:21]} 24. Ke2 {[%clk 1:00:46]} e5 {[%clk 0:26:41]} 25. Bg3
{[%clk 0:58:33]} Ke6 {[%clk 0:26:27]} 26. Kd3 {[%clk 0:56:02]} Bf8
{[%clk 0:26:34]} 27. Ke4 {[%clk 0:52:55]} Bd6 {[%clk 0:27:01]} 28. Be1
{[%clk 0:51:54]} b6 {[%clk 0:22:23]} 29. a4 {[%clk 0:49:19]} Bc7 {[%clk 0:16:56]}
30. Bc3 {[%clk 0:49:07]} a5 {[%clk 0:10:21]} 31. Be1 {[%clk 0:48:42]} Bd8
{[%clk 0:10:03]} 32. Bg3 {[%clk 0:47:28]} Bf6 {[%clk 0:10:15]} 33. h3
{[%clk 0:47:07]} Kd6 {[%clk 0:10:30]} 34. Be1 {[%clk 0:46:12]} Ke6
{[%clk 0:05:59]} 35. Bc3 {[%clk 0:45:56]} h5 {[%clk 0:03:30]} 36. Bb2
{[%clk 0:45:33]} Bg7 {[%clk 0:03:42]} 37. Bc3 {[%clk 0:44:56]} Bf6
{[%clk 0:04:09]} 38. Be1 {[%clk 0:45:22]} Be7 {[%clk 0:04:11]} 39. Bf2
{[%clk 0:43:41]} Bd8 {[%clk 0:02:51]} 40. Bg3 {[%clk 1:07:31]} Bf6
{[%clk 0:32:52]} 41. Bh2 {[%clk 1:07:49]} Bg7 {[%clk 0:30:15]} 42. Kd5+ Kxd5
1/2-1/2

[Event "Agen 2017 National"]
[Site "?"]
[Date "2017.08.26"]
[Round "8.4"]
[White "Bacrot, Etienne"]
[Black "Chabanon, Jean-Luc"]
[Result "1-0"]
[BlackElo "2467"]
[WhiteElo "2715"]
[LiveChessVersion "1.4.8"]

1. e4 {[%clk 1:30:58]} e6 {[%clk 1:28:56]} 2. d4 {[%clk 1:30:32]} d5
{[%clk 1:29:19]} 3. exd5 {[%clk 1:30:54]} exd5 {[%clk 1:29:38]} 4. Nf3
{[%clk 1:31:19]} Nf6 {[%clk 1:29:41]} 5. Bd3 {[%clk 1:31:10]} Bd6
{[%clk 1:20:41]} 6. Qe2+ {[%clk 1:31:10]} Qe7 {[%clk 1:19:56]} 7. Qxe7+
{[%clk 1:31:31]} Kxe7 {[%clk 1:19:21]} 8. O-O {[%clk 1:31:53]} Re8
{[%clk 1:17:00]} 9. Re1+ {[%clk 1:22:59]} Kf8 {[%clk 1:11:49]} 10. Rxe8+
{[%clk 1:22:14]} Kxe8 {[%clk 1:09:26]} 11. Nc3 {[%clk 1:17:54]} c6
{[%clk 1:04:51]} 12. Bg5 {[%clk 1:17:44]} Nbd7 {[%clk 1:01:07]} 13. Re1+
{[%clk 1:17:16]} Kf8 {[%clk 0:59:19]} 14. Ne5 {[%clk 1:16:44]} h6
{[%clk 0:56:45]} 15. Bh4 {[%clk 1:14:12]} Bc7 {[%clk 0:52:35]} 16. f4
{[%clk 1:04:56]} Bb6 {[%clk 0:35:47]} 17. Nf3 {[%clk 0:52:33]} Bc7
{[%clk 0:33:29]} 18. f5 {[%clk 0:47:52]} b5 {[%clk 0:23:37]} 19. h3
{[%clk 0:41:18]} Bb7 {[%clk 0:23:29]} 20. Kf2 {[%clk 0:41:41]} Re8
{[%clk 0:18:28]} 21. Bg3 {[%clk 0:40:39]} Rxe1 {[%clk 0:14:49]} 22. Nxe1
{[%clk 0:41:03]} Bb6 {[%clk 0:13:23]} 23. Bd6+ {[%clk 0:40:30]} Kg8
{[%clk 0:12:42]} 24. Nf3 {[%clk 0:34:44]} Ne8 {[%clk 0:13:10]} 25. Be7
{[%clk 0:34:43]} f6 {[%clk 0:12:36]} 26. b4 {[%clk 0:34:44]} a5 {[%clk 0:05:37]}
27. a3 {[%clk 0:33:33]} axb4 {[%clk 0:06:02]} 28. Bxb4 {[%clk 0:31:39]} Ne5
{[%clk 0:05:25]} 29. Ne2 {[%clk 0:29:54]} Nxd3+ {[%clk 0:05:38]} 30. cxd3
{[%clk 0:30:20]} Bc7 {[%clk 0:05:35]} 31. Nh4 {[%clk 0:29:16]} Bc8
{[%clk 0:05:04]} 32. g4 {[%clk 0:26:24]} Kf7 {[%clk 0:04:47]} 33. Ng3
{[%clk 0:25:12]} Bd7 {[%clk 0:04:48]} 34. Ng6 {[%clk 0:24:45]} Bb8
{[%clk 0:04:31]} 35. Nh5 {[%clk 0:24:25]} Nd6 {[%clk 0:04:29]} 36. Ng3
{[%clk 0:22:16]} Ne8 {[%clk 0:04:51]} 37. Kf3 {[%clk 0:22:21]} Nd6
{[%clk 0:05:14]} 38. h4 {[%clk 0:20:23]} Ne8 {[%clk 0:03:46]} 39. h5
{[%clk 0:19:10]} Nd6 {[%clk 0:02:45]} 40. Ne2 {[%clk 0:49:32]} Bc7
{[%clk 0:31:16]} 41. Nef4 {[%clk 0:48:38]} Bb8 {[%clk 0:29:50]} 42. Ke3
{[%clk 0:46:04]} Bc7 {[%clk 0:25:42]} 43. Ne2 {[%clk 0:45:02]} Bb8
{[%clk 0:25:42]} 44. Nc1 {[%clk 0:44:55]} Bc7 {[%clk 0:20:31]} 45. Kf3
{[%clk 0:43:59]} Bb8 {[%clk 0:18:13]} 46. Nb3 {[%clk 0:43:57]} Nb7
{[%clk 0:18:29]} 47. Ke3 {[%clk 0:43:10]} Bc7 {[%clk 0:18:23]} 48. Nf4
{[%clk 0:41:58]} Bb8 {[%clk 0:17:38]} 49. Ne2 {[%clk 0:36:44]} Bc8
{[%clk 0:15:44]} 50. Kd2 {[%clk 0:36:30]} Bc7 {[%clk 0:12:40]} 51. Na1
{[%clk 0:36:40]} Bb8 {[%clk 0:06:53]} 52. Nc2 {[%clk 0:34:22]} Bc7
{[%clk 0:07:12]} 53. Kc3 {[%clk 0:34:22]} Bd7 {[%clk 0:07:08]} 54. Bc5
{[%clk 0:33:07]} Kg8 {[%clk 0:06:26]} 55. Nb4 {[%clk 0:32:11]} Nd8
{[%clk 0:03:58]} 56. Na6 {[%clk 0:30:42]} Ba5+ {[%clk 0:03:41]} 57. Bb4
{[%clk 0:29:58]} Bb6 {[%clk 0:03:23]} 58. Bd6 {[%clk 0:21:08]} Nf7
{[%clk 0:02:27]} 59. Bc7 {[%clk 0:20:26]} Ba7 {[%clk 0:02:29]} 60. Kb4
{[%clk 0:16:56]} Ng5 {[%clk 0:02:16]} 61. Ka5 {[%clk 0:17:25]} Nf3
{[%clk 0:01:28]} 62. Bb6 {[%clk 0:17:22]} Bxb6+ {[%clk 0:01:31]} 63. Kxb6
{[%clk 0:17:50]} Nh2 {[%clk 0:01:54]} 64. Nb8 {[%clk 0:17:42]} Be8
{[%clk 0:02:14]} 65. Nxc6 {[%clk 0:12:20]} Nxg4 {[%clk 0:02:43]} 66. Nf4
{[%clk 0:08:19]} Ne3 {[%clk 0:02:43]} 67. Na7 {[%clk 0:06:28]} Nxf5
{[%clk 0:00:50]} 68. Nxb5 {[%clk 0:06:56]} Kf8 {[%clk 0:00:33]} 69. a4
{[%clk 0:06:43]} Ke7 {[%clk 0:00:34]} 70. a5 {[%clk 0:05:43]} Bxb5
{[%clk 0:00:31]} 71. Kxb5 {[%clk 0:06:10]} Nxd4+ {[%clk 0:00:44]} 72. Kb6
{[%clk 0:05:46]} Kd6 {[%clk 0:00:44]} 73. a6 {[%clk 0:06:11]} Nc6
{[%clk 0:00:38]} 74. d4 {[%clk 0:06:35]} 1-0